书目信息 |
| 题名: |
超有机食品
|
|
| 作者: | 张令玉 著 | |
| 分册: | ||
| 出版信息: | 北京 中国经济出版社 2010.03 |
|
| 页数: | 113页 | |
| 开本: | 24cm | |
| 丛书名: | 超有机食品丛书 | |
| 单 册: | ||
| 中图分类: | S-01 | |
| 科图分类: | ||
| 主题词: | 绿色食品--lu se shi pin--基本知识 | |
| 电子资源: | ||
| ISBN: | 978-7-5017-9788-2 | |
| 000 | 01048nam 2200289 450 | |
| 001 | 012010510112 | |
| 005 | 20100605095300.78 | |
| 010 | @a978-7-5017-9788-2@dCNY36.00 | |
| 100 | @a20100604d2010 em y0chiy0120 ea | |
| 101 | 0 | @achi |
| 102 | @aCN@b110000 | |
| 105 | @aa z 000yy | |
| 106 | @ar | |
| 200 | 1 | @a超有机食品@Achao you ji shi pin@e拯救人类生命的食品革命@f张令玉著@Fzhang ling yu zhu |
| 210 | @a北京@c中国经济出版社@d2010.03 | |
| 215 | @a113页@c图@d24cm | |
| 225 | 2 | @a超有机食品丛书@Achao you ji shi pin cong shu |
| 312 | @a英文并列题名取自封面 | |
| 330 | @a本书内容包括:超有机食品综述、超有机食品全面创新的食品革命、有机食品并非无农残食品、化学杀手潜伏到食物链中的主要途径等。 | |
| 410 | 0 | @12001 @a超有机食品丛书 |
| 510 | 1 | @aSuperior organic food@zeng |
| 517 | 1 | @a拯救人类生命的食品革命@Azheng jiu ren lei sheng ming de shi pin ge ming |
| 606 | 0 | @a绿色食品@Alu se shi pin@x基本知识 |
| 690 | @aS-01@v4 | |
| 701 | 0 | @a张令玉@Azhang ling yu@4著 |
| 801 | 0 | @aCN@bQSSK@c20100605 |
| 905 | @b781518-20@dS-01@eZ138@f3 | |
| 超有机食品:拯救人类生命的食品革命/张令玉著.-北京:中国经济出版社,2010.03 |
| 113页:图;24cm.-(超有机食品丛书) |
| ISBN 978-7-5017-9788-2:CNY36.00 |
| 本书内容包括:超有机食品综述、超有机食品全面创新的食品革命、有机食品并非无农残食品、化学杀手潜伏到食物链中的主要途径等。 |
| ● |
| 相关链接 |
|
|
|
正题名:超有机食品
索取号:S-01/Z138
 
预约/预借
| 序号 | 登录号 | 条形码 | 馆藏地/架位号 | 状态 | 备注 |
| 1 | 781518 | 207815186 | 自科库401/401自科库 66排5列2层/ [索取号:S-01/Z138] | 在馆 | |
| 2 | 781519 | 207815195 | 自科库401/401自科库 66排5列2层/ [索取号:S-01/Z138] | 在馆 | |
| 3 | 781520 | 207815202 | 自科库401/401自科库 66排5列2层/ [索取号:S-01/Z138] | 在馆 |